[Event "Challenge"]
[Site "http://www.queenalice.com/game.php?id=620755"]
[Date "2009.7.18"]
[Round "-"]
[White "Sap"]
[Black "laacib"]
[Result "0-1"]
[WhiteElo "1052"]
[BlackElo "1789"]

1. a4 e5 2. e3 d5 3. Qh5 Nc6 4. Bb5 Bd6 5. Ne2 Nf6 6. Qg5 O-O 7. h4 Ne7 8. f4
Ng4 9. f5 Bxf5 10. Bd3 e4 11. Bb5 h6 12. Qh5 Nf6 13. b4 Nxh5 14. Nbc3 c6 15. Nd4
cxb5 16. Ndxb5 Bg3+ 17. Kd1 a6 18. Nd4 Bg4+ 19. Nf3 exf3 20. Rg1 f2+ 21. Ne2
fxg1=Q# 0-1

[Event "AUTO-OPEN-1626"]
[Site "http://www.queenalice.com/game.php?id=620845"]
[Date "2009.7.18"]
[Round "1"]
[White "Renatogr90"]
[Black "Sap"]
[Result "1-0"]
[WhiteElo "1488"]
[BlackElo "1052"]

1. e4 d6 2. d4 Qd7 3. Nc3 e5 4. d5 g6 5. Bb5 a6 6. Bxd7+ Bxd7 7. Bg5 h6 8. Bh4
h5 9. Nf3 Be7 10. Bxe7 Kxe7 11. O-O a5 12. Qd3 f6 13. Nh4 g5 14. Nf5+ Kd8 15. f3
Bxf5 16. exf5 Nd7 17. g4 Nc5 18. Qb5 Ne7 19. gxh5 Rxh5 20. Ne4 Rh4 21. Nxc5 dxc5
22. c3 Rc8 23. Qxb7 Nxf5 24. Qc6 Ne7 25. Qxc5 c6 26. dxc6 1-0

[Event "AUTO-OPEN-1626"]
[Site "http://www.queenalice.com/game.php?id=620846"]
[Date "2009.7.18"]
[Round "1"]
[White "Sap"]
[Black "Renatogr90"]
[Result "0-1"]
[WhiteElo "968"]
[BlackElo "1474"]

1. a4 e5 2. c3 Bc5 3. Qb3 Qf6 4. Qc4 Qxf2+ 5. Kd1 Qxf1+ 6. Kc2 d6 7. Kb3 Be6 8.
e3 Qxc4+ 9. Kc2 Qb3+ 10. Kd3 Bc4+ 11. Ke4 Nf6+ 12. Kf5 Nbd7 13. a5 Qc2+ 14. Kg5
Qg6+ 15. Kh4 Qg4# 0-1

[Event "AUTO-OPEN-1626"]
[Site "http://www.queenalice.com/game.php?id=620869"]
[Date "2009.7.18"]
[Round "1"]
[White "Sap"]
[Black "J_Ricardo"]
[Result "1-0"]
[WhiteElo "1066"]
[BlackElo "1544"]

1. b3 e5 2. Bb2 d6 3. Ba3 Nf6 4. Nh3 Bxh3 5. gxh3 Nc6 6. Bg2 a6 7. Nc3 b5 8.
Bxc6+ Nd7 9. e3 Ra7 10. d4 Be7 11. Rg1 Bf6 12. Nd5 exd4 13. exd4 O-O 14. c4 bxc4
15. bxc4 a5 16. Qf3 Bxd4 17. Rd1 Qe8+ 18. Kf1 Ra6 19. Nxc7 Qc8 20. Nxa6 Qxa6 21.
Rb1 h6 22. Bxd7 Qxc4+ 23. Kg2 Qxa2 24. Bxd6 Rd8 25. Rb7 Bf6 26. Rc7 Qd2 27. Bg3
Qg5 28. Bg4 a4 29. Ra7 Kf8 30. Rxa4 Re8 31. Ra2 Kg8 32. Rc2 Rd8 33. Bf5 Kf8 34.
Qg4 Rd5 35. Qxg5 Bxg5 36. Be4 Rd4 37. f3 Be3 38. Rc8+ Ke7 39. Rf1 Rd2+ 40. Bf2
Kd7 41. Rcc1 f6 42. Rcd1 Bxf2 43. Rxd2+ Ke6 44. Rfxf2 f5 45. Bxf5+ Kxf5 46. Rd4
h5 47. Kg3 Ke5 48. Rd7 g6 49. Rg7 Kf5 50. Rc2 Kf6 51. Rcc7 Kg5 52. Rc6 Kh6 53.
Rgxg6+ Kh7 54. Rh6+ Kg7 55. Rxh5 Kf7 56. h4 Kg7 57. f4 Kf7 58. Rg5 Ke7 59. h5
Kd7 60. Rcc5 Kd6 61. h6 Ke7 62. h7 Kf7 63. h8=Q Ke6 64. Rc6+ Kd7 65. Rgc5 Ke7
66. Qg8 Kd7 67. Rh6 Ke7 68. Rc7# 1-0

[Event "AUTO-OPEN-1626"]
[Site "http://www.queenalice.com/game.php?id=620870"]
[Date "2009.7.18"]
[Round "1"]
[White "J_Ricardo"]
[Black "Sap"]
[Result "1-0"]
[WhiteElo "1536"]
[BlackElo "1054"]

1. e4 d6 2. Bc4 h5 3. Qf3 f6 4. Nc3 a5 5. Nd5 Bg4 6. Qf4 Nh6 7. h3 Be6 8. e5 c6
9. Ne3 d5 10. Bb3 Na6 11. exf6 exf6 12. d3 g5 13. Qf3 b5 14. Qxh5+ Kd7 15. a3
Rg8 16. a4 Rh8 17. axb5 cxb5 18. Ne2 Qe8 19. Qf3 Qe7 20. Bxd5 Qd6 21. Bxa8 Nc7
22. Rxa5 b4 23. Qxf6 Rh7 24. Nd4 Nf7 25. Ra7 Nd8 26. Nb5 Qe7 27. Rxc7+ Ke8 28.
Rxe7+ Rxe7 29. O-O Rf7 30. Qxg5 Ba2 31. Bd5 Bxd5 32. Nxd5 Be7 33. Re1 Kd7 34.
Nb6+ Kc6 35. Qd5+ Kxb6 36. Re6+ Nxe6 37. Qxe6+ Kxb5 38. Qxf7 Bc5 39. Qc4+ Kc6
40. d4 Kd7 41. Qxc5 Ke6 42. Qxb4 Kf5 43. Qe7 Kg6 44. d5 Kh5 45. d6 Kg6 46. d7
Kh5 47. Qg5# 1-0

[Event "Challenge"]
[Site "http://www.queenalice.com/game.php?id=639399"]
[Date "2009.8.20"]
[Round "-"]
[White "kisly"]
[Black "Sap"]
[Result "0-1"]
[WhiteElo "1195"]
[BlackElo "1085"]

1. e4 d6 2. d4 h5 3. g3 Nf6 4. b3 Nxe4 5. f3 Nf6 6. Na3 e5 7. Be3 exd4 8. Bxd4
Qd7 9. h4 Nd5 10. c4 Nb6 11. Qe2+ Be7 12. Bh3 f5 13. O-O-O Qe6 14. Bxg7 Rg8 0-1

[Event "Challenge"]
[Site "http://www.queenalice.com/game.php?id=657881"]
[Date "2009.9.25"]
[Round "-"]
[White "LukeKovacs"]
[Black "Sap"]
[Result "1-0"]
[WhiteElo "1399"]
[BlackElo "1105"]

1. e4 e5 2. d4 exd4 3. Qxd4 h6 4. Qe5+ Be7 5. Bb5 a6 6. Be2 Nf6 7. Nf3 Rf8 8.
O-O Nc6 9. Qg3 Nxe4 10. Qf4 Nf6 11. Qd2 d6 12. Nc3 Be6 13. Nd4 Qd7 14. Nxe6 fxe6
15. Bf3 Kd8 16. Ne2 Ne8 17. Qc3 Bf6 18. Qe1 g6 19. Bxh6 Rh8 20. Bxc6 bxc6 21.
Qc1 Ng7 22. Bg5 Qe7 23. Nd4 c5 24. Nc6+ Kd7 25. Nxe7 Bxe7 26. Bh6 g5 27. Bxg7 d5
28. Bxh8 Rxh8 29. b3 Bf6 30. c3 Rb8 31. c4 Ke7 32. Re1 a5 33. cxd5 Kd6 34. Rb1
exd5 35. Qe3 Kc6 36. Qe6+ Kb5 37. Qxf6 Rb6 38. Re6 Rxe6 39. Qxe6 d4 40. Qc4+ Kc6
41. h4 gxh4 42. b4 axb4 43. Rxb4 d3 44. Qe6# 1-0

[Event "Challenge"]
[Site "http://www.queenalice.com/game.php?id=662764"]
[Date "2009.10.4"]
[Round "-"]
[White "Tutankamon1"]
[Black "Sap"]
[Result "1-0"]
[WhiteElo "1684"]
[BlackElo "1101"]

1. e4 e5 2. Nf3 b6 3. d3 d6 4. Nc3 Nf6 5. Be2 Be7 6. Bg5 Nh5 7. Bxe7 Qxe7 8.
Nxe5 dxe5 9. Bxh5 g6 10. Bg4 f5 11. exf5 gxf5 12. Bh5+ Kd7 13. Qf3 c6 14. Qxf5+
Kc7 15. Qe4 Rg8 16. Bf3 Qd6 17. Qxh7+ Qd7 18. Qxg8 Bb7 19. O-O-O b5 20. Qg3 Na6
21. Qxe5+ Kd8 22. Rhe1 Nb4 23. a3 Nd5 24. Nxd5 cxd5 25. c4 dxc4 26. dxc4 Kc8 27.
Rxd7 Kxd7 28. Bxb7 bxc4 29. Bxa8 Kc8 30. Qg7 Kb8 31. Re8# 1-0

[Event "AUTO-BEG-367"]
[Site "http://www.queenalice.com/game.php?id=701747"]
[Date "2009.12.22"]
[Round "1"]
[White "Peppone"]
[Black "Sap"]
[Result "1-0"]
[WhiteElo "1377"]
[BlackElo "1083"]

1. d4 e6 2. c4 Ne7 3. Nc3 Nf5 4. e4 Nd6 5. Nf3 Nxc4 6. Bxc4 c6 7. O-O d5 8. exd5
exd5 9. Bb3 h5 10. Re1+ Kd7 11. Ne5+ Kc7 12. Nxf7 Qf6 13. Nxh8 1-0

[Event "AUTO-BEG-367"]
[Site "http://www.queenalice.com/game.php?id=701748"]
[Date "2009.12.22"]
[Round "1"]
[White "Sap"]
[Black "Peppone"]
[Result "0-1"]
[WhiteElo "1079"]
[BlackElo "1381"]

1. e3 c5 2. h3 d5 3. h4 Nc6 4. Rh3 Bxh3 5. gxh3 e5 6. a4 Qxh4 7. b3 Nf6 8. Qf3
Be7 9. Ne2 O-O 10. d3 e4 11. dxe4 Nxe4 12. Nf4 Ne5 0-1

[Event "AUTO-BEG-367"]
[Site "http://www.queenalice.com/game.php?id=701753"]
[Date "2009.12.22"]
[Round "1"]
[White "CristianLonghinoti"]
[Black "Sap"]
[Result "1-0"]
[WhiteElo "1298"]
[BlackElo "1093"]

1. e4 e5 2. Nf3 Ne7 3. Nxe5 d6 4. Nf3 a5 5. d3 d5 6. Nc3 Bg4 7. Be2 dxe4 8. Nxe4
Bxf3 9. Bxf3 Nec6 10. h3 Ra6 11. a3 g6 12. Be3 h5 13. Bg5 Qd5 14. c4 Qd7 15.
Nf6+ Kd8 16. Nxd7+ Kxd7 17. O-O Rb6 18. Rb1 Ne5 19. c5 Nxf3+ 20. Qxf3 Bxc5 21.
Rbc1 Bd4 22. Qxf7+ Kd6 23. Bf4+ Be5 24. g3 Bxf4 25. gxf4 c5 26. Qg7 Re8 27.
Qxg6+ Kc7 28. Qxe8 Nd7 29. d4 Rxb2 30. Rfe1 1-0

[Event "AUTO-BEG-367"]
[Site "http://www.queenalice.com/game.php?id=701754"]
[Date "2009.12.22"]
[Round "1"]
[White "Sap"]
[Black "CristianLonghinoti"]
[Result "0-1"]
[WhiteElo "1101"]
[BlackElo "1290"]

1. a3 e5 2. e4 Nf6 3. Nf3 d6 4. Nh4 Nxe4 5. g3 c5 6. b3 a5 7. h3 b6 8. Rh2 h6 9.
Bb5+ Bd7 10. Bxd7+ Nxd7 11. Nf5 Be7 12. Nxg7+ Kf8 13. Nf5 Bf6 14. b4 axb4 15.
axb4 Rxa1 16. Bb2 Ra2 17. Qc1 Bg5 18. f3 Nxg3 19. Nxd6 cxb4 20. Bxe5 Nxe5 21. d4
Nxf3+ 22. Kf2 Qxd6 23. Kxf3 Bxc1 24. Nd2 Rxc2 25. Rh1 Nxh1 26. Nb3 Rc3+ 27. Ke4
Rxb3 28. h4 Re3+ 0-1

[Event "Challenge"]
[Site "http://www.queenalice.com/game.php?id=702566"]
[Date "2009.12.23"]
[Round "-"]
[White "GuiGui1993"]
[Black "Sap"]
[Result "1-0"]
[WhiteElo "1742"]
[BlackElo "1085"]

1. e4 e5 2. Bc4 h5 3. Nf3 Qe7 4. d3 h4 5. Bg5 Qd6 6. Bxh4 Rh5 7. Bg3 b6 8. Nh4
Qb4+ 9. Nd2 Qxb2 10. Rb1 Qa3 11. Qxh5 Qe7 12. O-O Nh6 13. Bxe5 d6 14. Bf4 c5 15.
Bb5+ Kd8 16. Bg5 f6 17. Be3 a6 18. Ng6 Qe6 19. Nxf8 Qe7 20. Ng6 Qf7 21. Bc4 Qd7
22. Bxh6 gxh6 23. Qxh6 b5 24. Bd5 1-0